000 00528nam a2200181 i 4500
001 61499
003 ES-MaACL
005 20230906164453.0
007 t|
008 031112s1932 sz |||| | eng d
245 0 0 _aExtracts from the Lytton Report.
260 _aGenève :
_bSonor,
_c1932.
300 _a76 p. ;
_c21 cm.
651 _aManchuria (China, Región)-
_xHistoria-
_y1931-1945.
_9173005
651 4 _aChina-
_xRelaciones-
_yJapón.
_98060
651 4 _aJapón-
_xRelaciones-
_zChina.
_98886
852 _aES-MaACL
_j1774-F-3
999 _c61499
_d61499